| Registos Bibliográficos associados ao registo de autoridade |
|
Etiqueta de registo: 00000nam 2200025 450 001 2282141 003 http://id.bnportugal.gov.pt/bib/catbnp/2282141 100 ## $a20260320d2025 k y0pory01030103ba 101 0# $aeng$dpor 102 ## $aPT 105 ## $aa m 000yy 106 ## $ar 200 1# $aOptimização de privacidade em serviços distribuídos$dTowards improved privacy in service environments$fCatarina Alexandra Correia da Silva Antunes$gorient. João Paulo Barraca, Paulo Salvador$zeng 210 #9 $aAveiro$c[s.n.],$d2025 215 ## $a[6] f., X, 161 p.$cil.$d30 cm 328 #1 $aTese dout. Informática, Universidade de Aveiro, 2025 510 1# $aTowards improved privacy in service environments$zeng 675 ## $a004.73(043)$vBN$zpor$3813506 675 ## $a004.75(043)$vBN$zpor$31240724 675 ## $a004.05(043)$vBN$zpor$31239909 700 #1 $aAntunes,$bCatarina Alexandra Correia da Silva$31992776 702 #1 $aBarraca,$bJoão Paulo Silva,$f1979-$4727$31527023 702 #1 $92$aSalvador,$bPaulo$4727$31407085 801 #0 $aPT$bBN$gRPC 966 ## $lBN$mFGMON$sP. 72339 V.$x1 971 ## $corlando$d20260320 972 ## $e0$z0$d20260410$vlrevez 973 ## $cigoulao$d20260323
|
|
|